[Event "Tilburg"]
[Site "Tilburg"]
[Date "1991.??.??"]
[Round "7"]
[White "Bareev, Evgeny"]
[Black "Anand, Viswanathan"]
[Result "0-1"]
[WhiteElo "2680"]
[BlackElo "2650"]
[Annotator "Anand,V"]
[PlyCount "102"]
[EventDate "1991.10.??"]
[EventType "tourn"]
[EventRounds "14"]
[EventCountry "NED"]
[EventCategory "17"]
[SourceTitle "CBM 026"]
[Source "ChessBase"]
[SourceDate "1992.02.01"]
[SourceVersion "1"]
[SourceVersionDate "1992.02.01"]
[SourceQuality "1"]

1. d4 d5 2. c4 c6 3. Nf3 Nf6 4. Qc2 dxc4 5. Qxc4 Bf5 6. g3 e6 7. Bg2 Nbd7 8. e3
Be7 9. Nc3 O-O 10. Nh4 Nb6 (10... Bg4 11. h3 Nb6 12. Qd3) 11. Qf1 $6 (11. Qe2
Bg4 $10) 11... Bg4 12. h3 Bh5 13. g4 Nfd5 14. gxh5 Bxh4 15. Bd2 f5 (15... Qg5
$32 16. O-O-O $1 (16. e4 Ne3 $17) 16... Nxc3 17. Bxc3 Qxh5 $15) 16. Qe2 Be7 17.
O-O Bd6 18. f4 Kh8 19. Kh1 Rg8 $2 (19... Nf6 20. Bf3 Nbd5 21. Rg1 Qd7 22. Rg2
Rf7 $10) 20. e4 $1 Nc7 (20... Nxc3 21. bxc3 fxe4 22. Bxe4 $36) (20... fxe4 21.
Nxe4 Be7 22. Ng5 Bxg5 23. fxg5 $16) 21. Rad1 Rf8 22. h6 $1 g6 23. d5 exd5 24.
exd5 c5 (24... cxd5 25. a4) 25. Nb5 Nxb5 (25... Re8 26. Nxd6 $16) 26. Qxb5 Qd7
27. Qxd7 Nxd7 28. Rfe1 Rad8 29. Re6 (29. Bc3+ Kg8 30. Re6 Bxf4 31. d6 Nb6 $13)
29... Nb6 30. h4 (30. Bc3+ Kg8 31. Be5 Nc8) 30... Kg8 31. Rde1 (31. h5 $1 $16)
31... Na8 $1 $10 32. h5 Nc7 33. Bc3 $2 (33. R6e2) 33... Nxe6 34. Rxe6 Rfe8 35.
Rxg6+ hxg6 36. hxg6 Re7 $17 37. Bf1 Rh7 $1 (37... Bxf4 $4 38. d6 $18) 38. gxh7+
Kxh7 39. Bf6 Rc8 40. Bg5 c4 41. a4 Kg6 42. Kg2 Bf8 43. Kf2 Bxh6 44. Bxh6 Kxh6
45. Ke3 Re8+ 46. Kd4 Re4+ 47. Kc5 Kg6 48. d6 Kf6 49. Bxc4 Rxf4 50. Bd5 b6+ 51.
Kc6 Rd4 0-1

[Event "Andorra op 29th"]
[Site "Arinsal"]
[Date "2011.07.22"]
[Round "7"]
[White "Georgiev, Kiril"]
[Black "Arizmendi Martinez, Julen Luis"]
[Result "1-0"]
[WhiteElo "2654"]
[BlackElo "2555"]
[Annotator "Arizmendi,J"]
[PlyCount "105"]
[EventDate "2011.07.16"]
[EventType "swiss"]
[EventRounds "9"]
[EventCountry "AND"]
[SourceTitle "CBM 143 Extra"]
[Source "ChessBase"]
[SourceDate "2011.08.29"]
[SourceVersion "1"]
[SourceVersionDate "2011.08.29"]
[SourceQuality "1"]

1. d4 d5 2. c4 c6 3. Nf3 Nf6 4. Qc2 dxc4 5. Qxc4 Bg4 6. Nbd2 {I have played
this position several times, although only twice have my opponents gone for
this modest move.} (6. Nc3 Nbd7 7. e4 Bxf3 8. gxf3 e5 9. Be3 {is, in my
opinion, the most testing line.}) 6... Nbd7 7. g3 Bh5 8. Bg2 e6 9. O-O Be7 10.
b3 O-O 11. Bb2 a5 $5 12. a3 Qb6 13. Rfe1 Rfc8 $1 {This was the second time I
went for this plan (the first time was against Sergio Cacho, at the Spanish
Championship in 2009). Black wants to play on the queenside, and to that end
he needs to play ...b5 and ...c5. Therefore, it seems very logical to me to
put the rooks on c8 and b8 and bring the queen back home. On d8 it doesn't get
in the way, and in some lines it might go to f8, putting pressure on a3.
White's position is "nice", but it's hard to come up with a clear plan. In
both games I got a fantastic position, but unfortunately my play later on left
much to be desired.} 14. e4 Qd8 15. h3 b5 16. Qd3 Rab8 17. Qe3 c5 {Black can't
complain. He has managed to accomplish his aims and White hasn't really done
anything.} 18. Rec1 Bg6 {There is no need to hurry, so I improve my bishop.
The pressure on e4 is quite annoying.} 19. Qe2 a4 $1 {Good timing. All my
pieces are perfectly placed, so it's time to open up the queenside. After the
game, Georgiev admitted that at this point he wasn't happy with his position
at all.} 20. dxc5 (20. Ne5 axb3 21. Nxg6 hxg6 22. Nxb3 c4 23. Nd2 Nb6 {[%cal
Gb6a4] is great for Black.}) 20... Nxc5 21. b4 {Not great, but it does create
complications. I decided to prove him right by thinking way too much on my
next move.} Ncxe4 {My choice was between this and ...Qd3 first. But this is
simply better for Black.} (21... Qd3 22. Qe1 Ncxe4 23. Nxe4 Qxe4 (23... Nxe4 $2
24. Ne5) 24. Rxc8+ Rxc8 25. Nd4 Qxe1+ 26. Rxe1 Bd3 27. Bc6 $44) 22. Nf1 $5 {
Unexpected, and suddenly I didn't have much time. From an objective point of
view this is a mistake, but it is a very good practical chance. It certainly
worked in the game.} ({After} 22. Nxe4 Bxe4 23. Be5 (23. Bxf6 Bxf3 $1) 23...
Rb6 {has some compensation in the form of piece activity, but it's probably
not quite enough for the pawn.}) 22... Nd5 $2 ({The correct move is the simple
} 22... Nd6 23. Ne5 Nc4 $1 {, but I only saw this during the postmortem. Not
really difficult, but...} 24. Ne3 (24. Nxc4 Bd3) 24... Nxb2 25. Qxb2 Be4 26.
Nc6 Rxc6 27. Rxc6 Bxc6 28. Bxc6 Qb6 29. Bg2 $17 {White still has drawing
chances, but he will suffer quite a bit. In the game disaster struck.}) 23. Ne5
Nec3 $2 24. Qe1 {The worst thing is that I had seen this move, but thought
that I had "something". I'm still wondering what it was :-)} Bg5 (24... Bf6 25.
Bxc3 Nxc3 26. Rxc3 Qd4 27. Rxc8+ Rxc8 28. Nxg6 Qxa1 29. Qxa1 Bxa1 30. Ne7+ $18)
25. f4 Nxf4 26. gxf4 Bh4 27. Qe3 Nd5 28. Bxd5 {Georgiev becomes a little too
technical.} (28. Qd4 $1 {is much stronger.}) 28... Qxd5 29. Nxg6 hxg6 30. Qe5
Qxe5 31. Bxe5 Rxc1 32. Rxc1 Rd8 33. Kg2 Rd3 ({Black could try} 33... f6 34. Bb2
g5 35. fxg5 Bxg5 36. Rc2 Rd3 37. Ng3 Bf4 38. Ne2 e5 {, when White still has to
win.}) 34. Rc3 Rd1 35. Rc8+ Kh7 36. Rc5 Rd3 37. Rc3 Rd1 38. Ng3 f6 39. Bc7 Rb1
({This was my last chance to break on the kingside and maintain a healthy
pawn-structure.} 39... g5 40. Ne4 gxf4 41. Bxf4 e5 42. Bg3 Rd4 $16) 40. Ne4 Rb3
41. Rf3 {Now the game is over.} Rb2+ 42. Kf1 g5 43. fxg5 Kg6 (43... f5 44. Nd6)
44. gxf6 gxf6 45. Rf4 Bg5 46. Rg4 Rb1+ 47. Ke2 Rb2+ 48. Kd3 Rb3+ 49. Kd4 Rxa3
50. Nxg5 e5+ 51. Kc5 fxg5 52. h4 Rc3+ 53. Kb6 1-0

[Event "EU-Cup 18th"]
[Site "Kallithea"]
[Date "2002.09.23"]
[Round "2.1"]
[White "Portisch, Lajos"]
[Black "Atalik, Suat"]
[Result "0-1"]
[WhiteElo "2599"]
[BlackElo "2551"]
[Annotator "Atalik,S"]
[PlyCount "100"]
[EventDate "2002.09.22"]
[EventType "team-swiss"]
[EventRounds "7"]
[EventCountry "GRE"]
[SourceTitle "CBM 092"]
[Source "ChessBase"]
[SourceDate "2003.02.06"]
[SourceVersion "1"]
[SourceVersionDate "2003.02.06"]
[SourceQuality "1"]
[WhiteTeam "Zalaegerszeg"]
[BlackTeam "Sarajevo Napredak"]
[WhiteTeamCountry "HUN"]
[BlackTeamCountry "BIH"]

1. d4 {Huzman} Nf6 2. c4 e6 3. Nf3 d5 4. Nc3 dxc4 5. Qa4+ {GM Portisch likes
this against Vienna.} Nbd7 {Black has two ways to chose:to play a Meran type
of game or QGA like set up.} (5... c6 6. Qxc4 b5 7. Qd3 Nbd7 8. e4 b4 9. Na4
Qa5 10. b3 c5 11. e5 Nd5 12. Bd2 Bb7 13. Rc1 $13 {resurrected due to GM Victor
"The Great" Kortschnoj.} cxd4 14. Nxd4 Be7 15. Qb5 Qxb5 16. Bxb5 a6 17. Bc6
Bxc6 18. Nxc6 f6 19. exf6 gxf6 20. Nd4 Kf7 21. Rc6 Rhg8 $13) 6. e4 a6 7. Bxc4
Rb8 8. Bd3 b5 9. Qc2 Bb7 {This all theory.} 10. O-O $6 {The first strange move.
} (10. Bf4 Rc8 11. d5 $5 {Gelfand's contribution to the theory.} (11. O-O c5 {
transposes to the game.})) 10... c5 11. Bf4 (11. d5 {Huzman} c4 12. Be2 Qc7 13.
Nd4 e5 14. Nf5 g6 15. Nh6 Rc8 16. Be3 Bc5 17. Bxc5 Nxc5 18. Ng4 Nxg4 19. Bxg4
Rd8 20. Nd1 O-O 21. Ne3 Nxe4 22. Qxe4 f5 23. Bxf5 gxf5 24. Nxf5 Rxd5 25. Rae1
Rd2 $17 {1/2-1/2 Lytchak,A-Kupreichik,V/Groningen 1996/EXT 98 (65)}) 11... Rc8
12. d5 c4 13. Be2 (13. dxe6 {Huzman} fxe6 14. Be2 Bb4 15. e5 Bxc3 16. bxc3 Nd5
17. Bg3 O-O 18. Nd4 Nc5 19. a4 Nf4 20. Rfd1 Qg5 21. axb5 axb5 22. Bf1 Ncd3 $17
{0-1 Opocensky,K-Lundin,E/Buenos Aires 1939/HCL (35)}) 13... exd5 $5 14. Rad1
$5 {Now from the playing speed of my opponent I have realized that things are
not that simple.However it looks as if it is a big bluff going on.} (14. Nxd5
Bxd5 $5 15. exd5 Bc5 {known to be ok for black.}) (14. exd5 {Huzman} Bc5 (14...
Nxd5 {Huzman} 15. Nxd5 Bxd5 16. Rad1 Nf6 (16... Nb6 {Huzman} 17. Be5 $1 $44)
17. Be5 Be7 18. Ng5 h6 $144 19. Nh7 $1 $16) 15. Rad1 O-O {would lead to a
position that is critical for the whole variation. Is the "d5" pawn a weakness
or a strength? The answer to this question is decisive for a correct assesment
of the current situation.}) 14... Nc5 $146 {After a long thought I came up
with a human move.} (14... Bc5 15. e5) (14... dxe4 15. Ne5 Rc7 16. Ng4 Rc5 17.
Nxf6+ (17. Be3 Qc7) (17. Rfe1 $44 {Huzman} Qb6 18. Bf3 Be7 19. Nxf6+ Nxf6 (
19... Qxf6 {Huzman} 20. Qd2 $1 $18) 20. Nxe4 Bxe4 (20... Nxe4 {Huzman} 21. Bxe4
$16) 21. Bxe4 O-O 22. Bf3 Re8 23. Be3 $16) 17... Qxf6 18. Be3 Re5 $1 19. Bd4
Bc5 $5 20. Bxe5 Qxe5 21. Qd2 Bc6 22. Bg4 f5 23. Nxe4 $3 fxg4 24. Nxc5 Qxc5 {
Schlosser-Kekki,Aabyro 1989.} 25. Qf4 $1 $40) (14... Nxe4 {Huzman} 15. Nxd5
Bxd5 16. Rxd5 Nef6 17. Rdd1 $44 Qb6 $140 18. Bd3 $1 $32 {[%cal Gd3f5,Gf5c8]})
15. Bg5 {Consequent.} (15. Be5 Ncxe4) (15. Rfe1 Ncxe4) (15. exd5 Bd6 16. Bg5 h6
17. Bh4 O-O) (15. Nxd5 Nxd5 (15... Bxd5 {Huzman} 16. exd5 Bd6 17. Ne5 O-O 18.
Bf3 Re8 19. Nc6 Qc7 20. Bxd6 Qxd6 21. b3 $11) 16. exd5 Bd6 17. Bg5 Qc7 18. Nd4
O-O) 15... Be7 (15... h6 $5 {Huzman} 16. Bxf6 Qxf6 17. Nxd5 Qe6 18. Qd2 Bd6 $13
) 16. Bxf6 ({White does not get anything by} 16. e5 Nfe4 17. Bxe7 Qxe7 18. Nxd5
Bxd5 19. Rxd5 O-O 20. Nd4 Rfd8 21. Rxd8+ Qxd8 22. Bg4 (22. Rd1 Qg5) 22... Rc7)
(16. exd5 $5 {Huzman} O-O 17. Nd4 $1 Re8 (17... b4 {Huzman} 18. Nc6 Bxc6 19.
dxc6 Qa5 20. Bxf6 Bxf6 21. Nd5 Rxc6 22. Bxc4 $16) 18. Nf5 $36) (16. Nxd5 {
Huzman} Nxd5 17. Bxe7 Qxe7 18. exd5 O-O $15 {[%csl Rd5]}) 16... Bxf6 17. Nxd5
O-O $1 $15 {Black is simply better after this because his queenside is a
threat in white's throat.} 18. e5 (18. Nxf6+ Qxf6 19. e5 Qf4 $17) 18... Bxd5 $1
(18... Bxe5 19. Nxe5 Bxd5 20. Bg4 $1 $44 {looks unpleasant.} (20. Bf3 Nd3)) 19.
exf6 Be4 {The point.} 20. Rxd8 Bxc2 {Huzman: 'This endgame clearly favours
Black because of his pawn advantage on the queen's side.'} 21. Rd2 (21. Rxc8
Rxc8 22. Nd4 Bd3 $1 $15 (22... Re8 23. Bxc4 bxc4 24. Nxc2 Re2 25. Ne3 Rxb2 26.
Nxc4 Rxa2 27. fxg7 $11)) 21... Be4 $1 {Black plays energetically.} 22. fxg7
Rfd8 $1 {The d line is very important.} 23. Rfd1 Rxd2 24. Rxd2 (24. Nxd2 Bd3
$17) 24... Na4 $1 {The threat is 25...Nb2.} 25. Ne1 $8 {The potential c passer
is tremendously strong.} (25. Ng5 Bd3 $1 26. Bxd3 cxd3 27. h4 Nxb2 28. Rxb2 Rc2
29. Rb1 d2 $19) 25... Bb1 $1 26. a3 c3 27. bxc3 Rxc3 28. Rd6 (28. Bd3 Rc1 29.
Kf1 Nc3 30. Bxb1 Rxb1 31. Rd6 (31. Rd3 Rc1) 31... a5 $17) 28... Rxa3 29. Rxa6
b4 $19 {Passer will decide the game.} 30. Bc4 Nb2 $1 31. Bb5 {White could have
set a trap.} (31. Bf1 $5 Nd3 $2 32. Nxd3 Rxa6 33. Nxb4 Ra4 34. Nd5 $11) 31...
Rxa6 32. Bxa6 b3 33. Bb5 $6 ({More resilient but still lost is} 33. Nf3 Bc2 34.
Nd2 Nd1 35. Nxb3 Bxb3 $19) 33... Be4 $1 {Thematic!} 34. f3 Bg6 {Ne1 is doomed.}
35. f4 Be4 {Continuing with the same policy,knights legs are cut.} (35... Nd1
36. Nf3 Nc3 37. Bc4 b2 38. Nd2) 36. Kf1 Nd1 37. Bd3 {Nothing else is left to
stop the mighty passer.} Bxd3+ 38. Nxd3 b2 39. Nxb2 Nxb2 40. Ke2 h5 $5 {
Anything wins.} (40... Kxg7 41. g4 h5 42. h3 f5 43. g5 h4 44. Kd2 Nc4+ $19) 41.
Kf3 Kxg7 {After almost 20 moves it is time to collect g7 pawn.} 42. g3 Kf6 43.
h3 Ke6 44. Ke3 Kd5 45. Kf3 Ke6 (45... Kd4 46. g4 h4 47. g5 Nd3 48. Kg4 Ke4 49.
Kxh4 Kf5 50. Kh5 Nxf4+ $19) 46. Ke3 Nc4+ 47. Kf3 Nb6 $1 {Easiest winning plan
is to put the knight on d5.} 48. Ke4 f5+ 49. Kf3 Nd5 50. g4 h4 0-1